Les 20 Départements Français les plus grands en superficie (+DOM-TOM) - Statistiques

Statistiques générales
  • Ce quiz a été pris 76 fois
  • Le résultat moyen est 13 sur 20
Statistiques - réponses
Hint Réponse % Correct
83533,80 km² Guyane
93%
10725,00 km² Gironde
93%
9243,00 km² Landes
82%
9060,00 km² Dordogne
77%
8735,00 km² Aveyron
69%
7431,00 km² Isère
69%
8169,10 km² Marne
69%
8763,00 km² Côte-d'Or
66%
7970,00 km² Puy-de-Dôme
66%
7361,68 km² Aisne
62%
8575,00 km² Saône-et-Loire
61%
7340,00 km² Allier
56%
7427,00 km² Yonne
56%
7235,00 km² Cher
54%
6990,00 km² Vienne
54%
6925,00 km² Alpes-de-Haute-Provence
52%
7645,00 km² Pyrénées-Atlantiques
52%
6864,00 km² Charente-Maritime
49%
7166,00 km² Maine-et-Loire
46%
6878,00 km² Côtes-d'Armor
44%
Aucun quiz correspondant
Distribution des résultats
% des personnes avec chaque résultat
Percentile par nombre de réponses
Votre historique - résultats
Vous n’avez pas pris ce quiz